<?xml version="1.0" encoding="UTF-8"?>
<record
    xmlns:xsi="http://www.w3.org/2001/XMLSchema-instance"
    xsi:schemaLocation="http://www.loc.gov/MARC21/slim http://www.loc.gov/standards/marcxml/schema/MARC21slim.xsd"
    xmlns="http://www.loc.gov/MARC21/slim">

  <leader>01523cam a22003617a 4500</leader>
  <controlfield tag="003">OSt</controlfield>
  <controlfield tag="005">20170209170049.0</controlfield>
  <controlfield tag="008">170209s2016    spca|||  |||| 001 0ccat|d</controlfield>
  <datafield tag="017" ind1=" " ind2=" ">
    <subfield code="a">DL B 18603-2016</subfield>
    <subfield code="b">Biblioteca de Catalunya</subfield>
  </datafield>
  <datafield tag="020" ind1=" " ind2=" ">
    <subfield code="a">9788416587469</subfield>
  </datafield>
  <datafield tag="040" ind1=" " ind2=" ">
    <subfield code="b">cat</subfield>
    <subfield code="c">CDMR</subfield>
  </datafield>
  <datafield tag="100" ind1="1" ind2=" ">
    <subfield code="a">Figueres i Artigues, Josep Maria</subfield>
    <subfield code="q">(Josep Maria),</subfield>
    <subfield code="d">1950-</subfield>
    <subfield code="9">13</subfield>
  </datafield>
  <datafield tag="245" ind1="1" ind2="0">
    <subfield code="a">Periodistes ind&#xF2;mits </subfield>
    <subfield code="c">Josep M. Figueres</subfield>
  </datafield>
  <datafield tag="260" ind1=" " ind2=" ">
    <subfield code="a">Barcelona :</subfield>
    <subfield code="b">Base,</subfield>
    <subfield code="c">2016</subfield>
  </datafield>
  <datafield tag="300" ind1=" " ind2=" ">
    <subfield code="a">272 p. :</subfield>
    <subfield code="b">il. ;</subfield>
    <subfield code="c">24 cm</subfield>
  </datafield>
  <datafield tag="500" ind1=" " ind2=" ">
    <subfield code="a">Subt&#xED;tol a la coberta: Guerra Civil i exili</subfield>
  </datafield>
  <datafield tag="504" ind1=" " ind2=" ">
    <subfield code="a">Refer&#xE8;ncies bibliogr&#xE0;fiques. &#xCD;ndex</subfield>
  </datafield>
  <datafield tag="600" ind1="1" ind2="7">
    <subfield code="a">Almirall, Valent&#xED;</subfield>
    <subfield code="d">1841-1904</subfield>
    <subfield code="x">Biografia</subfield>
    <subfield code="2">lemac</subfield>
    <subfield code="9">192</subfield>
  </datafield>
  <datafield tag="600" ind1="1" ind2="7">
    <subfield code="a">Prat de la Riba, Enric</subfield>
    <subfield code="d">1870-1917</subfield>
    <subfield code="x">Biografia</subfield>
    <subfield code="2">lemac</subfield>
    <subfield code="9">924</subfield>
  </datafield>
  <datafield tag="600" ind1="1" ind2="7">
    <subfield code="a">Rovira i Virgili, Antoni</subfield>
    <subfield code="d">1882-1949</subfield>
    <subfield code="x">Biografia</subfield>
    <subfield code="2">lemac</subfield>
    <subfield code="9">139</subfield>
  </datafield>
  <datafield tag="600" ind1="1" ind2="7">
    <subfield code="a">Carner, Josep</subfield>
    <subfield code="d">1884-1970</subfield>
    <subfield code="x">Biografia</subfield>
    <subfield code="2">lemac</subfield>
    <subfield code="9">509</subfield>
  </datafield>
  <datafield tag="600" ind1="1" ind2="7">
    <subfield code="a">Esteve, Llu&#xED;s</subfield>
    <subfield code="x">Biografia</subfield>
    <subfield code="2">lemac</subfield>
  </datafield>
  <datafield tag="600" ind1="1" ind2="7">
    <subfield code="a">Capdevila, Llu&#xED;s</subfield>
    <subfield code="d">1895-1980</subfield>
    <subfield code="x">Biografia</subfield>
    <subfield code="2">lemac</subfield>
    <subfield code="9">2934</subfield>
  </datafield>
  <datafield tag="600" ind1="1" ind2="7">
    <subfield code="a">Foix, Pere,</subfield>
    <subfield code="d">1893-1978</subfield>
    <subfield code="x">Biografia</subfield>
    <subfield code="2">lemac</subfield>
  </datafield>
  <datafield tag="600" ind1="1" ind2="7">
    <subfield code="a">Gols i Soler, Joan,</subfield>
    <subfield code="d">1894-1947</subfield>
    <subfield code="x">Biografia</subfield>
    <subfield code="2">lemac</subfield>
  </datafield>
  <datafield tag="600" ind1="1" ind2="7">
    <subfield code="a">Cabruja, Agust&#xED;,</subfield>
    <subfield code="d">1911-1983</subfield>
    <subfield code="x">Biografia</subfield>
    <subfield code="2">lemac</subfield>
  </datafield>
  <datafield tag="600" ind1="1" ind2="7">
    <subfield code="a">Calders, Pere</subfield>
    <subfield code="d">1912-1994</subfield>
    <subfield code="x">Biografia</subfield>
    <subfield code="2">lemac</subfield>
    <subfield code="9">553</subfield>
  </datafield>
  <datafield tag="650" ind1="1" ind2="7">
    <subfield code="a">Periodistes</subfield>
    <subfield code="z">Catalunya</subfield>
    <subfield code="x">Biografia</subfield>
    <subfield code="2">lemac</subfield>
    <subfield code="9">2400</subfield>
  </datafield>
  <datafield tag="650" ind1="1" ind2="7">
    <subfield code="a">Exiliats</subfield>
    <subfield code="z">Catalunya</subfield>
    <subfield code="x">Biografia</subfield>
    <subfield code="2">lemac</subfield>
    <subfield code="9">3636</subfield>
  </datafield>
  <datafield tag="650" ind1="1" ind2="7">
    <subfield code="a">Periodisme</subfield>
    <subfield code="z">Catalunya</subfield>
    <subfield code="x">Hist&#xF2;ria</subfield>
    <subfield code="y">S. XIX</subfield>
    <subfield code="2">lemac</subfield>
    <subfield code="9">3172</subfield>
  </datafield>
  <datafield tag="650" ind1="1" ind2="7">
    <subfield code="a">Periodisme</subfield>
    <subfield code="z">Catalunya</subfield>
    <subfield code="x">Hist&#xF2;ria</subfield>
    <subfield code="y">S. XX</subfield>
    <subfield code="2">lemac</subfield>
    <subfield code="9">3172</subfield>
  </datafield>
  <datafield tag="942" ind1=" " ind2=" ">
    <subfield code="c">MON</subfield>
  </datafield>
  <datafield tag="999" ind1=" " ind2=" ">
    <subfield code="c">6998</subfield>
    <subfield code="d">6998</subfield>
  </datafield>
  <datafield tag="952" ind1=" " ind2=" ">
    <subfield code="0">0</subfield>
    <subfield code="1">0</subfield>
    <subfield code="4">0</subfield>
    <subfield code="7">0</subfield>
    <subfield code="a">CDMR</subfield>
    <subfield code="b">CDMR</subfield>
    <subfield code="d">2017-02-09</subfield>
    <subfield code="e">Donaci&#xF3;</subfield>
    <subfield code="g">17.50</subfield>
    <subfield code="l">1</subfield>
    <subfield code="m">1</subfield>
    <subfield code="o">Du 1/115</subfield>
    <subfield code="p">CDMR17021257</subfield>
    <subfield code="r">2017-09-18</subfield>
    <subfield code="s">2017-06-19</subfield>
    <subfield code="v">17.50</subfield>
    <subfield code="w">2017-02-09</subfield>
    <subfield code="y">MON</subfield>
  </datafield>
</record>
